Philippine Journal of Nursing/ (Record no. 7402)
[ view plain ]
| 000 -LEADER | |
|---|---|
| fixed length control field | 00522nam a22001457a 4500 |
| 008 - FIXED-LENGTH DATA ELEMENTS--GENERAL INFORMATION | |
| fixed length control field | 170906b xxu||||| |||| 00| 0 eng d |
| 022 ## - INTERNATIONAL STANDARD SERIAL NUMBER | |
| International Standard Serial Number | 2012-3906 |
| 082 ## - DEWEY DECIMAL CLASSIFICATION NUMBER | |
| Edition number | Jan - June 2011, v. 80-81 |
| Classification number | DPer 610.7305 |
| Item number | P53 |
| 245 ## - TITLE STATEMENT | |
| Title | Philippine Journal of Nursing/ |
| Statement of responsibility, etc. | edited by Erlinda Castro-Palaganas |
| 260 ## - PUBLICATION, DISTRIBUTION, ETC. (IMPRINT) | |
| Place of publication, distribution, etc. | Quezon City: |
| Name of publisher, distributor, etc. | Raintree Publishing, |
| Date of publication, distribution, etc. | 2011. |
| 300 ## - PHYSICAL DESCRIPTION | |
| Extent | 1 [various paging]: |
| Other physical details | illustrations; |
| Dimensions | 28 cm. |
| 650 #0 - SUBJECT ADDED ENTRY--TOPICAL TERM | |
| 9 (RLIN) | 22464 |
| Topical term or geographic name as entry element | Nursing |
| Form subdivision | Periodicals |
| 700 ## - ADDED ENTRY--PERSONAL NAME | |
| 9 (RLIN) | 22465 |
| Personal name | Castro-Palaganas, Erlinda |
| Relator term | editor |
| 942 ## - ADDED ENTRY ELEMENTS (KOHA) | |
| Source of classification or shelving scheme | Dewey Decimal Classification |
| Koha item type | Periodicals |
| Withdrawn status | Lost status | Source of classification or shelving scheme | Materials specified (bound volume or other part) | Damaged status | Not for loan | Collection code | Home library | Current library | Date acquired | Source of acquisition | Total Checkouts | Full call number | Barcode | Date last seen | Price effective from | Koha item type | Public note |
|---|---|---|---|---|---|---|---|---|---|---|---|---|---|---|---|---|---|
| Dewey Decimal Classification | Vol. 80 -81 | Periodicals | UM Digos College - LIC | UM Digos College - LIC | Purchased | DPer 610.7305 P53 Jan - June 2011, v. 80-81 | 24749 | 06/08/2021 | 09/06/2017 | Periodicals | Bound Periodicals |
